Jednotný vnitřní trh Na cestě k Evropské unii. 8
Z histórie snahy EHS vytvoriť vnútorný a plne integrovaný európsky trh. Program dobudovania vnútorného trhu ohraničený dátumom 1992. Opatrenia a kroky smerujúce k dobudovaniu jednotného vnútorného trhu. Jednotný vnútorný trh a pridružené krajiny. Príprava týchto krajín na jednotný vnútorný trh pred...
Guardado en:
| Autor principal: | |
|---|---|
| Formato: | Capítulo de libro |
| Lenguaje: | checo |
| Materias: | |
| Etiquetas: |
Sin Etiquetas, Sea el primero en etiquetar este registro!
|
MARC
| LEADER | 00000naa a2200000 4500 | ||
|---|---|---|---|
| 001 | r021224 | ||
| 005 | 20230920092021.3 | ||
| 041 | 0 | |a cze | |
| 044 | |a CZ | ||
| 245 | 1 | 0 | |a Jednotný vnitřní trh |b Na cestě k Evropské unii. 8 |c Luděk Urban |
| 520 | |a Z histórie snahy EHS vytvoriť vnútorný a plne integrovaný európsky trh. Program dobudovania vnútorného trhu ohraničený dátumom 1992. Opatrenia a kroky smerujúce k dobudovaniu jednotného vnútorného trhu. Jednotný vnútorný trh a pridružené krajiny. Príprava týchto krajín na jednotný vnútorný trh pred vstupom do EÚ - Biela kniha (prehľad legislatívy EÚ vzťahujúci sa na vnútorný trh). | ||
| 610 | 2 | 0 | |a trh vnútorný |
| 610 | 2 | 0 | |a Európske spoločenstvá |
| 610 | 2 | 0 | |a Európska únia |
| 100 | 1 | |a Urban, Luděk | |